| 000 | 00600nam a2200217Ia 4500 | ||
|---|---|---|---|
| 005 | 20260429112210.0 | ||
| 008 | 260429s9999||||xx |||||||||||||| ||und|| | ||
| 020 | _a9789387867079 | ||
| 041 | _aEnglish | ||
| 082 |
_a915.493 _bBUR |
||
| 100 | _aBurrows, S. M. | ||
| 245 | 0 |
_aBuried cities of Ceylon : _ba guide book to Anuradhapura and Polonaruwa / _cS. M. Burrows |
|
| 250 | _a1st ed. | ||
| 260 |
_aChennai : _bMaven Books, _c2023. |
||
| 300 | _a115 p.; pbk | ||
| 650 | _a Ancient cities | ||
| 650 | _a Archaeology | ||
| 650 | _aSri Lanka-History | ||
| 700 | _a Oxon, M.A. | ||
| 942 | _cTB | ||
| 999 |
_c52848 _d52848 |
||